Lentes de contacto: aspectos médicos

Uloženo v:
Podrobná bibliografie
Hlavní autoři: Ruben, Montague (Autor), Khoo, C. Y (Autor)
Médium: Kniha
Jazyk:španělština
Vydáno: Barcelona Scriba 1989
Témata:
Tagy: Přidat tag
Žádné tagy, Buďte první, kdo vytvoří štítek k tomuto záznamu!

MARC

LEADER 00000nam a2200000 a 4500
001 UCO8375
003 CL-VaPUC
008 001201e19890000SP |||||||||||||||||spa|d
082 0 4 |a 617.7523  |b RUB  |2 21 
100 0 |a Ruben, Montague  |e author  |9 453274 
700 0 |a Khoo, C. Y  |e author  |9 453275 
245 1 0 |a Lentes de contacto: aspectos médicos 
300 |a 211 p 
942 |c BK 
945 |d 20001201 00:00:00  |a vberengu 
260 |a Barcelona  |b Scriba  |c 1989 
650 0 |a Defectos visuales  |9 341018 
650 7 |a DISPOSITIVOS OPTICOS  |2 CL-VaPUC  |9 433969 
650 7 |a OPTOMETRIA  |2 CL-VaPUC  |9 453276 
650 7 |a LENTES  |2 CL-VaPUC  |9 392940 
583 |a last modification  |c 20001201 00:00:00  |k Rodrigo Vera 
999 |c 293042  |d 293040 
952 |0 0  |1 0  |4 0  |6 617_752300000000000_RUB_1989  |7 0  |8 A  |9 344168  |a BIBCUR  |b BIBCUR  |d 2019-11-20  |i 3672107  |o 617.7523 RUB 1989  |p 3672107  |r 2025-04-22  |w 2019-11-20  |y BK  |k FIS 
952 |0 0  |1 0  |4 0  |6 617_752300000000000_RUB_1989  |7 0  |8 A  |9 344169  |a BIBCUR  |b BIBCUR  |d 2019-11-20  |i 3672115  |l 1  |o 617.7523 RUB 1989  |p 3672115  |r 2025-04-22  |s 2023-11-30  |w 2019-11-20  |y BK  |k FIS